Online Catalogue and eLibrary

Culture as praxis / (Record no. 241)

MARC details
000 -LEADER
fixed length control field 00786cam a2200265 a 4500
001 - CONTROL NUMBER
control field 2618807
005 - DATE AND TIME OF LATEST TRANSACTION
control field 20240130050638.0
008 - FIXED-LENGTH DATA ELEMENTS--GENERAL INFORMATION
fixed length control field 990224s1999 enk b 001 0 eng
020 ## - INTERNATIONAL STANDARD BOOK NUMBER
ISBN 0761959882
040 ## - CATALOGING SOURCE (பட்டியலாக்க மூலம்)
Original cataloging agency DLC
Transcribing agency DLC
Modifying agency DLC
082 00 - DDC Classification
Class No. 306
DDC Edition Number 21
Item Number - Author Mark CUL
100 1# - MAIN ENTRY--PERSONAL NAME
Personal name Bauman, Zygmunt,
245 10 - TITLE STATEMENT
Title Culture as praxis /
Statement of responsibility, etc. Zygmunt Bauman.
250 ## - EDITION STATEMENT
Edition statement New ed.
260 ## - PUBLICATION, DISTRIBUTION, ETC.
Place of publication, distribution, etc. London ;
-- Thousand Oaks, Calif. :
Name of publisher, distributor, etc. Sage Publications,
Date of publication, distribution, etc. 1999.
300 ## - PHYSICAL DESCRIPTION
Extent (e.g. Volumes, Pages etc.) lv, 148 p. ;
490 0# - SERIES STATEMENT
Series statement Theory, culture & society
650 #0 - SUBJECT ADDED ENTRY--TOPICAL TERM
Topical term or geographic name entry element Culture.
650 #0 - SUBJECT ADDED ENTRY--TOPICAL TERM
Topical term or geographic name entry element Social structure.
650 #0 - SUBJECT ADDED ENTRY--TOPICAL TERM
Topical term or geographic name entry element Sociology
650 #0 - SUBJECT ADDED ENTRY--TOPICAL TERM
Topical term or geographic name entry element Anthropology.
856 42 - ELECTRONIC LOCATION AND ACCESS
Uniform Resource Identifier <a href="http://www.loc.gov/catdir/enhancements/fy0656/98075101-d.html">http://www.loc.gov/catdir/enhancements/fy0656/98075101-d.html</a>
856 41 - ELECTRONIC LOCATION AND ACCESS
Uniform Resource Identifier <a href="http://www.loc.gov/catdir/enhancements/fy0656/98075101-t.html">http://www.loc.gov/catdir/enhancements/fy0656/98075101-t.html</a>
942 ## - Koha item type (Biblio)
Koha item type Books in Stacks (Lending)
Holdings
Lost status Damaged status Collection code Home library Current library Date acquired Full call number Accession Number Item type
    Lending WERC Library WERC Library 01/30/2024 306 CUL 4173 Books in Stacks (Lending)

© WERC Library